| 000 | 00485cam a2200193ua 4500 | ||
|---|---|---|---|
| 020 | _c5.00 | ||
| 041 |
_aeng _h |
||
| 082 |
_a510 _bTHO/PR |
||
| 100 | _aThomas, Moothedan . | ||
| 245 |
_aPre-degree mathematics, Vol 1 / _cThomas moothedan. _hTextual Documents |
||
| 250 |
_a1 / _b. |
||
| 260 |
_aChennai : _bThe National Publishing Co , _c1964. |
||
| 300 | _a448 ; . | ||
| 365 | _a5.00 | ||
| 504 | _a | ||
| 700 | 1 | _aSubbaraman, P V . | |
| 942 | _cBK | ||
| 999 |
_c9497 _d9497 |
||